|
|
|
|
| LEADER |
01489nam a2200337 a 4500 |
| 001 |
35880 |
| 003 |
BD-DhAAL |
| 005 |
20211206103149.0 |
| 008 |
191218t1999 njua b 001 0 eng d |
| 999 |
|
|
|c 42071
|d 42071
|
| 010 |
|
|
|a 98013106
|
| 020 |
|
|
|a 0139547363
|
| 040 |
|
|
|a DLC
|c DLC
|d DLC
|d BD-DhAAL
|
| 050 |
0 |
0 |
|a PE1475
|b .V36 1999
|
| 082 |
0 |
0 |
|a 808.066
|2 21
|
| 100 |
1 |
|
|a VanAlstyne, Judith S.,
|d 1934-
|9 38426
|
| 245 |
1 |
0 |
|a Professional and technical writing strategies :
|b communicating in technology and science /
|c Judith S. VanAlstyne.
|
| 250 |
|
|
|a Fourth edition
|
| 260 |
|
|
|a Upper Saddle River, N.J. :
|b Prentice Hall,
|c c1999.
|
| 300 |
|
|
|a xiii, 673 pages :
|b illustrations ;
|c 24 cm.
|
| 504 |
|
|
|a Includes bibliographical references (pages 661-666) and index.
|
| 526 |
|
|
|a BIED
|
| 541 |
|
|
|a Complimentary copy from BIED
|e 35880
|
| 650 |
|
0 |
|a English language
|x Technical English.
|9 38427
|
| 650 |
|
0 |
|a Communication of technical information
|x Problems, exercises, etc.
|9 38428
|
| 650 |
|
0 |
|a Communication in science
|x Problems, exercises, etc.
|9 38429
|
| 650 |
|
0 |
|a Technical writing
|x Problems, exercises, etc.
|9 38430
|
| 650 |
|
0 |
|a English language
|x Rhetoric.
|9 38431
|
| 852 |
|
|
|a Ayesha Abed Library
|c BIED Collection
|
| 942 |
|
|
|2 ddc
|c BK
|
| 952 |
|
|
|0 0
|1 0
|2 ddc
|4 0
|6 808_066000000000000_VAN
|7 0
|9 67507
|a BRACUL
|b BRACUL
|c GEN
|d 2019-12-18
|e Complimentary copy from BIED
|l 1
|m 28
|o 808.066 VAN
|p 3010035880
|r 2023-09-25
|s 2023-02-08
|t 1
|w 2019-12-18
|y BK
|x Transferred from BIED to General Stacks
|